| 000 | 01254cam a22002771i 4500 | ||
|---|---|---|---|
| 003 | SA-RiAUC | ||
| 005 | 20241209143650.0 | ||
| 008 | 241205s1993 ua a g 00010 ara c | ||
| 040 |
_aSA-JeALM _bara _cSA-RiAUC _erda |
||
| 050 | 4 | _bI266. 1993 | |
| 082 | 0 | 4 |
_a252.5 _qSA-RiAUC |
| 090 |
_a252.5 _b م ح ب |
||
| 100 | 1 |
_aمحب الدين الطبري، أحمد بن عبد الله بن محمد، _d615-694 هجري _eمؤلف. |
|
| 245 | 1 | 2 |
_aالتشويق إلى حج البيت العتيق / _cأحمد بن عبد الله بن محمد المحب الطبري؛ تحقيق عبد الستار أبو غدة.. |
| 250 | _aالطبعة الأولى. | ||
| 264 | 1 |
_aالقاهرة : _bدار الأقصى، _c1993 |
|
| 300 |
_a288 صفحة : _bإيضاحيات ؛ _c24 سم |
||
| 336 |
_aنص _btxt _2rdacontent _3كتاب |
||
| 337 |
_aبدون وسيط _bn _2rdamedia |
||
| 338 |
_aمجلد _bnc _2rdacarrier |
||
| 500 | _aملاحظات من الشيخ الدكتور عبدالوهاب سليمان رحمه الله بداخل الكتاب | ||
| 650 | 7 |
_aالحج (فقه إسلامي) _2aucsh |
|
| 700 |
_a أبو غدة, عبد الستار. _eتحقيق. |
||
| 942 |
_2ddc _cBOOK _n0 |
||
| 949 |
_aSA-JeALM _d241205 _umohamedma123 _n1 |
||
| 999 |
_c3200 _d3200 |
||